[Event "15ème Open des Vins du Médoc"]
[Site "Naujac sur Mer ; France"]
[Date "2012.??.??"]
[Round "3.9"]
[White "Favarel, Antoine"]
[Black "Labbe, Georges"]
[Result "1-0"]
[WhiteElo "2254"]
[BlackElo "1773"]
[PlyCount "79"]
[EventDate "2012.??.??"]

1. d4 Nf6 2. c4 g6 3. g3 Bg7 4. Bg2 O-O 5. Nc3 Nc6 6. Nf3 d6 7. O-O e5 8. d5
Ne7 9. e4 Nh5 10. Ne1 f5 11. exf5 Nf6 12. fxg6 Nxg6 13. Bg5 Qe8 14. Bxf6 Rxf6
15. Ne4 Rf8 16. Nd3 Bd7 17. c5 Qe7 18. Qb3 Kh8 19. Qxb7 Bf5 20. Rad1 Rfd8 21.
Qa6 Bc8 22. Qb5 a6 23. Qc4 Bd7 24. a4 Bf5 25. b4 Qd7 26. c6 Qf7 27. b5 axb5 28.
axb5 Rab8 29. Nb4 Bxe4 30. Bxe4 Rb6 31. Rd3 Ra8 32. Na6 Rc8 33. Rf3 Qe8 34. Re1
Ne7 35. Bd3 Qh5 36. Qe4 Qg6 37. Rf7 Qxe4 38. Bxe4 Nxd5 39. Bxd5 Rxb5 40. Be6
1-0

[Event "15ème Open des Vins du Médoc"]
[Site "Naujac sur Mer ; France"]
[Date "2012.??.??"]
[Round "3.10"]
[White "Marni-Sandid, Tarik"]
[Black "Kirk, Ezra"]
[Result "0-1"]
[WhiteElo "1745"]
[BlackElo "2225"]
[PlyCount "60"]
[EventDate "2012.??.??"]

1. e4 c5 2. Nf3 Nc6 3. d4 cxd4 4. Nxd4 g6 5. Nc3 Bg7 6. Nb3 Nf6 7. Bd3 O-O 8.
Be3 d5 9. exd5 Nxd5 10. Nxd5 Qxd5 11. O-O Bxb2 12. Rb1 Bg7 13. Be2 Qxd1 14.
Rfxd1 Bf5 15. Bd3 Bxd3 16. Rxd3 Ne5 17. Rd5 e6 18. Rc5 b6 19. Rc7 Rfc8 20.
Rxc8+ Rxc8 21. Rd1 Bf6 22. f4 Ng4 23. Bd4 Rxc2 24. a4 Bxd4+ 25. Nxd4 Rxg2+ 26.
Kxg2 Ne3+ 27. Kf3 Nxd1 28. Nc6 Nc3 29. a5 bxa5 30. Nxa7 a4 0-1

[Event "15ème Open des Vins du Médoc"]
[Site "Naujac sur Mer ; France"]
[Date "2012.??.??"]
[Round "4.1"]
[White "Velten, Paul"]
[Black "Loiseau, Quentin"]
[Result "1/2-1/2"]
[WhiteElo "2379"]
[BlackElo "2300"]
[PlyCount "20"]
[EventDate "2012.??.??"]

1. d4 d5 2. Nf3 Nf6 3. g3 e6 4. Bg2 b5 5. O-O Bb7 6. a4 b4 7. Bg5 Be7 8. Nbd2
Nbd7 9. c4 bxc3 10. bxc3 c5 1/2-1/2

[Event "15ème Open des Vins du Médoc"]
[Site "Naujac sur Mer ; France"]
[Date "2012.??.??"]
[Round "4.2"]
[White "Fantinel, Thibault"]
[Black "Cazeaux, Didier"]
[Result "1-0"]
[WhiteElo "2279"]
[BlackElo "1815"]
[PlyCount "95"]
[EventDate "2012.??.??"]

1. e4 d5 2. exd5 Qxd5 3. Nc3 Qa5 4. g3 g6 5. Bg2 Bg7 6. Nge2 c6 7. Rb1 Be6 8.
b4 Qd8 9. O-O Nf6 10. h3 O-O 11. Nf4 Bd5 12. Ncxd5 cxd5 13. c4 e6 14. d4 Qd7
15. c5 Ne4 16. Qd3 Nc6 17. Be3 a6 18. a4 a5 19. b5 Nb4 20. Qb3 f5 21. Rfd1 Qe8
22. Ne2 Kh8 23. Bd2 Nxd2 24. Rxd2 g5 25. f4 Qg6 26. Qe3 Bf6 27. Rf1 Rae8 28.
fxg5 Qxg5 29. Qxg5 Bxg5 30. Nf4 e5 31. dxe5 Rxe5 32. Rfd1 Re3 33. Kf2 Ra3 34.
Bxd5 Nxd5 35. Rxd5 Bxf4 36. gxf4 Rxa4 37. Rd8 Rxd8 38. Rxd8+ Kg7 39. Rd7+ Kg6
40. Rxb7 Rxf4+ 41. Kg3 Rc4 42. c6 a4 43. c7 a3 44. Ra7 f4+ 45. Kf3 Kf5 46. b6
Rc3+ 47. Ke2 f3+ 48. Kf2 1-0

[Event "15ème Open des Vins du Médoc"]
[Site "Naujac sur Mer ; France"]
[Date "2012.??.??"]
[Round "4.3"]
[White "Pokee, Anne"]
[Black "Demuth, Adrien"]
[Result "0-1"]
[WhiteElo "1933"]
[BlackElo "2423"]
[PlyCount "58"]
[EventDate "2012.??.??"]

1. e4 e5 2. Nf3 Nc6 3. Bb5 a6 4. Ba4 Nge7 5. c3 g6 6. O-O Bg7 7. d4 exd4 8.
cxd4 b5 9. Bb3 d6 10. a4 b4 11. a5 O-O 12. h3 d5 13. e5 h6 14. Bf4 g5 15. Be3
f5 16. Bxg5 hxg5 17. Nxg5 f4 18. Bc2 Bf5 19. Bxf5 Rxf5 20. Qh5 Nxd4 21. Rd1
Rxg5 22. Qxg5 Nec6 23. Qxd8+ Rxd8 24. Nd2 Nxe5 25. Kf1 c5 26. Rac1 Nd3 27. Rb1
c4 28. Nf3 Nxf3 29. gxf3 Nxb2 0-1

[Event "15ème Open des Vins du Médoc"]
[Site "Naujac sur Mer ; France"]
[Date "2012.??.??"]
[Round "4.4"]
[White "Capitaine, Adrien"]
[Black "Collas, Didier"]
[Result "0-1"]
[WhiteElo "2106"]
[BlackElo "2418"]
[PlyCount "80"]
[EventDate "2012.??.??"]

1. e4 c5 2. Nc3 Nc6 3. f4 e6 4. Bc4 Nge7 5. e5 d5 6. Be2 g5 7. fxg5 h6 8. d3
Nxe5 9. gxh6 N7c6 10. Bf4 Bxh6 11. Qd2 Nd4 12. O-O-O Qh4 13. Rf1 Bd7 14. g3
Bxf4 15. Qxf4 Qxf4+ 16. Rxf4 Bc6 17. Bf1 f5 18. h3 Ng4 19. Bg2 Ne3 20. Rh2 Ke7
21. Bh1 Rag8 22. Nce2 Nexc2 23. a3 a5 24. Rff2 Kd6 25. Kd2 Rg7 26. Rf1 Rhg8 27.
h4 Nxe2 28. Nxe2 Nd4 29. Nxd4 cxd4 30. Rg1 e5 31. Rh3 e4 32. h5 Ke5 33. h6 Rh7
34. Bg2 Rg6 35. Rgh1 Ba4 36. b4 Rc6 37. Rc1 Rcxh6 38. Rxh6 Rxh6 39. bxa5 Rh2
40. Rg1 Bb5 0-1

[Event "15ème Open des Vins du Médoc"]
[Site "Naujac sur Mer ; France"]
[Date "2012.??.??"]
[Round "4.5"]
[White "Van Delft, Merijn"]
[Black "Kramer, Julian"]
[Result "1/2-1/2"]
[WhiteElo "2408"]
[BlackElo "2052"]
[Annotator ",Jean-Luc"]
[PlyCount "105"]
[EventDate "2012.??.??"]

1. Nf3 d5 2. d4 Nf6 3. c4 c6 4. Nc3 e6 5. cxd5 exd5 6. Bg5 Be7 7. e3 O-O 8. Bd3
Nbd7 9. Qc2 Re8 10. O-O-O Nf8 11. h4 Ng4 12. Kb1 h6 13. Bxe7 Qxe7 14. h5 Be6
15. Nh4 Nf6 16. f3 c5 17. g4 c4 18. Bf5 b5 19. Bxe6 Qxe6 20. Nf5 Rab8 21. Rdg1
N8h7 22. Ne2 b4 23. Qa4 c3 24. Nf4 Qb6 25. Nd3 cxb2 26. Nc5 Ng5 27. Rf1 Ne6 28.
Nb3 Qc7 29. Rf2 Qc3 30. Rd1 Nc7 31. Rc2 Nb5 32. Qxb5 Rxb5 33. Rxc3 bxc3 34. Nd6
Rxb3 35. Nxe8 Ra3 36. Nd6 c2+ 37. Kxc2 Rxe3 38. Kxb2 Rxf3 39. Rc1 Nxg4 40. Rc8+
Kh7 41. Rc7 Ne3 42. Rxa7 Nc4+ 43. Nxc4 dxc4 44. a4 g6 45. hxg6+ Kxg6 46. a5
Rb3+ 47. Kc2 h5 48. Ra8 h4 49. Rh8 Ra3 50. Rxh4 Rxa5 51. Kc3 Kg5 52. Rh7 f5 53.
Kxc4 {(=)} 1/2-1/2

[Event "15ème Open des Vins du Médoc"]
[Site "Naujac sur Mer ; France"]
[Date "2012.??.??"]
[Round "4.6"]
[White "Zickelbein, Eva Maria"]
[Black "Colin, Vincent"]
[Result "0-1"]
[WhiteElo "2058"]
[BlackElo "2393"]
[PlyCount "64"]
[EventDate "2012.??.??"]

1. e4 c5 2. Nc3 Nc6 3. Bb5 Nd4 4. Bc4 e6 5. Nf3 a6 6. Nxd4 cxd4 7. Ne2 Bc5 8.
d3 Ne7 9. O-O d5 10. Bb3 dxe4 11. dxe4 O-O 12. c3 dxc3 13. Nxc3 b5 14. Qe2 Qb6
15. Bc2 Nc6 16. Qh5 g6 17. Qh4 Bb7 18. Bh6 Rfd8 19. Rad1 Be7 20. Bg5 Bxg5 21.
Qxg5 Nd4 22. Bb1 b4 23. Na4 Ne2+ 24. Kh1 Rxd1 25. Rxd1 Qxf2 26. Qd2 Bc6 27. b3
Bb5 28. Bd3 Bxd3 29. Qxd3 Rc8 30. Qxa6 Rc2 31. Qd3 Nc3 32. Rg1 Rd2 0-1

[Event "15ème Open des Vins du Médoc"]
[Site "Naujac sur Mer ; France"]
[Date "2012.??.??"]
[Round "4.7"]
[White "Larand, Manuel"]
[Black "Marholev, Dimitar"]
[Result "0-1"]
[WhiteElo "2037"]
[BlackElo "2370"]
[PlyCount "84"]
[EventDate "2012.??.??"]

1. c4 g6 2. g3 Bg7 3. Bg2 d6 4. Nc3 h5 5. h3 e5 6. d3 Nc6 7. Nf3 Nge7 8. e4 O-O
9. Bg5 f6 10. Be3 Be6 11. Nd5 Qd7 12. d4 exd4 13. Nxd4 Nxd4 14. Bxd4 c5 15. Bc3
Bxd5 16. exd5 b5 17. cxb5 Qxb5 18. a4 Qa6 19. Bf1 Qb7 20. Bc4 f5 21. Qd2 Bxc3
22. bxc3 Rae8 23. O-O Nc8 24. Rfe1 Qf7 25. Rab1 Rxe1+ 26. Qxe1 Kg7 27. a5 Re8
28. Qd2 h4 29. Bf1 hxg3 30. fxg3 Re7 31. Rb8 Rc7 32. c4 Qf6 33. a6 Nb6 34. Rb7
Rf7 35. h4 Qd4+ 36. Qxd4+ cxd4 37. Kf2 Na4 38. Rb1 Nc5 39. Rd1 Nxa6 40. Rxd4
Nc5 41. Bd3 Rb7 42. h5 Rb3 0-1

[Event "15ème Open des Vins du Médoc"]
[Site "Naujac sur Mer ; France"]
[Date "2012.??.??"]
[Round "4.8"]
[White "Devecchi, Jorge"]
[Black "Favarel, Antoine"]
[Result "0-1"]
[WhiteElo "1942"]
[BlackElo "2254"]
[Annotator ",Jean-Luc"]
[PlyCount "36"]
[EventDate "2012.??.??"]

1. d4 Nf6 2. Nf3 d5 3. c4 e6 4. Nc3 Bb4 5. e3 O-O 6. Bd2 c5 7. cxd5 exd5 8. Bd3
Nc6 9. a3 cxd4 10. axb4 Nxb4 11. Bb1 dxc3 12. Bxc3 Nc6 13. Qd3 Ne4 14. O-O Be6
15. Nd4 Qh4 16. Ra4 Bd7 17. Nf5 {(=)} Bxf5 18. Qxd5 Nxc3 0-1

[Event "15ème Open des Vins du Médoc"]
[Site "Naujac sur Mer ; France"]
[Date "2012.??.??"]
[Round "4.9"]
[White "Kirk, Ezra"]
[Black "Le Meur, Jean-Pierre"]
[Result "0-1"]
[WhiteElo "2225"]
[BlackElo "1930"]
[Annotator ",Jean-Luc"]
[PlyCount "98"]
[EventDate "2012.??.??"]

1. d4 d5 2. c4 e6 3. Nc3 a6 4. Nf3 Be7 5. Bf4 Nf6 6. e3 O-O 7. h3 dxc4 8. Bxc4
b5 9. Bd3 Bb7 10. O-O Nbd7 11. Rc1 Rc8 12. Bb1 c5 13. Re1 cxd4 14. exd4 b4 15.
Na4 Rxc1 16. Bxc1 Qa5 17. b3 Rd8 18. Qd3 Qh5 19. Bf4 Bxf3 20. Qxf3 Qxf3 21.
gxf3 Nd5 {(=)} 22. Be3 Rc8 23. Kf1 Bd6 24. Bd3 a5 25. Bc4 N7b6 26. Nxb6 Nxb6
27. Rc1 Nd5 28. Bxd5 Rxc1+ 29. Bxc1 exd5 30. Bg5 f6 31. Bh4 Kf7 32. Ke2 Ke6 33.
Ke3 Bc7 34. Bg3 Bd8 35. Bb8 Kf5 36. Bg3 g5 37. Bb8 Kg6 38. Bd6 Kh5 39. a3 bxa3
40. Bxa3 Kh4 41. b4 axb4 42. Bxb4 Kxh3 43. f4 Kg2 44. fxg5 fxg5 45. Bd6 h5 46.
f4 g4 47. f5 g3 48. Be5 h4 49. f6 Bxf6 0-1

[Event "15ème Open des Vins du Médoc"]
[Site "Naujac sur Mer ; France"]
[Date "2012.??.??"]
[Round "4.10"]
[White "Kaimer, Thomas"]
[Black "Maruejols, Claude"]
[Result "1/2-1/2"]
[WhiteElo "2202"]
[BlackElo "1909"]
[PlyCount "93"]
[EventDate "2012.??.??"]

1. e4 c5 2. Nf3 d6 3. d4 cxd4 4. Nxd4 Nf6 5. Nc3 a6 6. Bc4 e6 7. Bb3 b5 8. a3
Be7 9. O-O O-O 10. Be3 Bb7 11. f3 Nc6 12. Qe1 Qc7 13. Rd1 Rac8 14. Qg3 Rfd8 15.
Nce2 Qd7 16. c3 Kh8 17. Nxc6 Qxc6 18. Nd4 Qe8 19. Bc2 g6 20. Qf2 e5 21. Nb3 Kg7
22. Na5 Ba8 23. Rfe1 Rd7 24. a4 Bd8 25. Bb6 Rb8 26. Bxd8 Qxd8 27. b4 Qc7 28.
Qe3 Rc8 29. axb5 axb5 30. Bd3 Qb8 31. Rc1 Ne8 32. Bf1 f6 33. g3 Rdc7 34. Bh3
Rd8 35. Nb3 Qa7 36. Ra1 Qxe3+ 37. Rxe3 Kf7 38. Ra5 Bc6 39. Kf2 Ng7 40. Bf1 Rb8
41. Rd3 Ke7 42. Ke3 f5 43. Ra6 Ne8 44. Na5 Bd7 45. Kd2 Ke6 46. Nb3 Rc6 47. Rxc6
1/2-1/2

[Event "15ème Open des Vins du Médoc"]
[Site "Naujac sur Mer ; France"]
[Date "2012.??.??"]
[Round "4.11"]
[White "Castro, John"]
[Black "L'Hospital, Philippe"]
[Result "1-0"]
[WhiteElo "2193"]
[BlackElo "1895"]
[PlyCount "59"]
[EventDate "2012.??.??"]

1. e4 d6 2. Nf3 Nf6 3. Nc3 e5 4. d4 Nbd7 5. Bc4 Be7 6. dxe5 Nxe5 7. Be2 O-O 8.
O-O Re8 9. Re1 h6 10. Bf4 Ng6 11. Be3 Ng4 12. Bd2 Bf6 13. h3 N4e5 14. Nd4 Nd3
15. cxd3 Bxd4 16. Qa4 Be5 17. Bh5 Bd7 18. Qd1 c6 19. Be3 Nf4 20. d4 Nxh5 21.
dxe5 Rxe5 22. f4 Ra5 23. Qxd6 Be6 24. Rad1 Qh4 25. f5 Bxa2 26. Bf2 Qg5 27. h4
Qg4 28. Ra1 Nf4 29. g3 Qh3 30. Qxf4 1-0

[Event "15ème Open des Vins du Médoc"]
[Site "Naujac sur Mer ; France"]
[Date "2012.??.??"]
[Round "4.29"]
[White "Moreno, Yohann"]
[Black "Kosic, Miroslav"]
[Result "1-0"]
[WhiteElo "1499"]
[BlackElo "1497"]
[PlyCount "35"]
[EventDate "2012.??.??"]

1. d4 Nf6 2. c4 e6 3. Nc3 Bb4 4. Bd2 O-O 5. Nf3 Bxc3 6. Bxc3 Ne4 7. Bb4 d6 8.
e3 Na6 9. Ba3 b6 10. Bd3 Bb7 11. d5 Ng5 12. Nxg5 Qxg5 13. O-O exd5 14. cxd5
Rfe8 15. e4 Bc8 16. f4 Qf6 17. Qa4 Nc5 18. Qxe8# 1-0

[Event "15ème Open des Vins du Médoc"]
[Site "Naujac sur Mer ; France"]
[Date "2012.??.??"]
[Round "5.1"]
[White "Loiseau, Quentin"]
[Black "Fantinel, Thibault"]
[Result "1/2-1/2"]
[WhiteElo "2300"]
[BlackElo "2279"]
[Annotator ",Jean-Luc"]
[PlyCount "47"]
[EventDate "2012.??.??"]

1. d4 d5 2. c4 c6 3. Nf3 Nf6 4. e3 Bg4 5. Qb3 Qb6 6. Nc3 e6 7. Nh4 Nbd7 8. h3
Bh5 9. g4 Bg6 10. Nxg6 hxg6 11. Bg2 O-O-O 12. Bd2 Be7 13. g5 Ne8 14. h4 Kb8 15.
c5 Qxb3 16. axb3 e5 17. f4 exd4 18. exd4 Nc7 19. O-O-O Ne6 20. Be1 Rde8 21. Bg3
Kc8 22. Rhf1 Bd8 23. b4 a6 24. Kc2 {(=)} 1/2-1/2

[Event "15ème Open des Vins du Médoc"]
[Site "Naujac sur Mer ; France"]
[Date "2012.??.??"]
[Round "5.3"]
[White "Collas, Didier"]
[Black "Thalwitzer, David"]
[Result "1-0"]
[WhiteElo "2418"]
[BlackElo "2174"]
[PlyCount "57"]
[EventDate "2012.??.??"]

1. c4 g6 2. e4 c5 3. Nf3 d6 4. d4 cxd4 5. Nxd4 Nc6 6. Nc3 Bg7 7. Be3 Nf6 8. Be2
O-O 9. O-O Bd7 10. Qd2 Rc8 11. f3 a6 12. Rfc1 Nxd4 13. Bxd4 Be6 14. b3 h5 15.
Rab1 Kh7 16. Be3 Nd7 17. Bf1 Ne5 18. Nd5 Bxd5 19. exd5 f5 20. Re1 Rf7 21. h3 b5
22. cxb5 axb5 23. Bxb5 Nxf3+ 24. gxf3 Bc3 25. Qe2 f4 26. Bf2 Bxe1 27. Rxe1 Rc3
28. Bd4 Rc8 29. Qe6 1-0

[Event "15ème Open des Vins du Médoc"]
[Site "Naujac sur Mer ; France"]
[Date "2012.??.??"]
[Round "5.4"]
[White "Colin, Vincent"]
[Black "Castro, John"]
[Result "1/2-1/2"]
[WhiteElo "2393"]
[BlackElo "2193"]
[PlyCount "82"]
[EventDate "2012.??.??"]

1. d4 Nf6 2. c4 g6 3. Nc3 Bg7 4. e4 d6 5. f4 O-O 6. Nf3 c5 7. d5 e6 8. Be2 exd5
9. exd5 Re8 10. O-O Ng4 11. h3 Ne3 12. Bxe3 Rxe3 13. Qd2 Re8 14. Rae1 Nd7 15.
Bd3 Rxe1 16. Qxe1 Nf6 17. f5 Nh5 18. fxg6 hxg6 19. Ne4 Bf5 20. g4 Bxe4 21. Bxe4
Nf6 22. Bxg6 fxg6 23. Qe6+ Kh8 24. Ng5 Qe8 25. Rxf6 Bxf6 26. Qxf6+ Kg8 27. Ne6
Qf7 28. Qc3 Re8 29. b3 Re7 30. Kg2 Rxe6 31. dxe6 Qxe6 32. Qf3 g5 33. h4 gxh4
34. Kh3 Qe7 35. Qf4 Kg7 36. g5 Kg6 37. Kxh4 Qe1+ 38. Kg4 Qg1+ 39. Kf3 Qf1+ 40.
Ke4 Qh1+ 41. Kd3 Qd1+ 1/2-1/2

[Event "15ème Open des Vins du Médoc"]
[Site "Naujac sur Mer ; France"]
[Date "2012.??.??"]
[Round "5.5"]
[White "Marholev, Dimitar"]
[Black "Dierkes, Tobias"]
[Result "1/2-1/2"]
[WhiteElo "2370"]
[BlackElo "2107"]
[Annotator ",Jean-Luc"]
[PlyCount "54"]
[EventDate "2012.??.??"]

1. e4 c5 2. Nf3 e6 3. d4 cxd4 4. Nxd4 Nf6 5. Nc3 d6 6. g4 h6 7. Bg2 Nc6 8. Nxc6
bxc6 9. e5 Nd5 10. exd6 Qxd6 11. Ne4 Qc7 12. c4 Nf6 13. Nxf6+ gxf6 14. O-O Bb7
15. Qf3 Bd6 16. h3 f5 17. c5 Bh2+ 18. Kh1 fxg4 19. hxg4 O-O-O 20. Be3 h5 21. g5
h4 22. Bh3 Ba6 23. Rfc1 Be5 24. Bf1 Bxf1 25. Rxf1 Rd5 26. Rab1 Rhd8 27. b4 Bd4
{(=)} 1/2-1/2

[Event "15ème Open des Vins du Médoc"]
[Site "Naujac sur Mer ; France"]
[Date "2012.??.??"]
[Round "5.6"]
[White "Favarel, Antoine"]
[Black "Resnjanskij, Denis"]
[Result "1-0"]
[WhiteElo "2254"]
[BlackElo "2134"]
[PlyCount "71"]
[EventDate "2012.??.??"]

1. d4 d5 2. c4 e6 3. Nf3 Nf6 4. g3 c6 5. Bg2 dxc4 6. Ne5 Nbd7 7. Nxc4 Nb6 8.
Ne5 c5 9. Be3 cxd4 10. Bxd4 Bb4+ 11. Nc3 Nbd5 12. O-O O-O 13. Qb3 Qa5 14. Nc4
Qa6 15. Bxf6 gxf6 16. Nxd5 exd5 17. Bxd5 Bc5 18. Rac1 Rb8 19. Nd2 Qxe2 20. Rxc5
Qxd2 21. Rd1 Qe2 22. Rc7 Be6 23. Bxe6 Qxe6 24. Qxe6 fxe6 25. Rdd7 Rfc8 26. Rg7+
Kf8 27. Rcf7+ Ke8 28. Rxh7 Rc2 29. b4 f5 30. a4 Rc4 31. a5 f4 32. Kg2 e5 33. a6
f3+ 34. Kxf3 bxa6 35. Rxa7 Rcxb4 36. Rh8# 1-0

[Event "15ème Open des Vins du Médoc"]
[Site "Naujac sur Mer ; France"]
[Date "2012.??.??"]
[Round "5.7"]
[White "Le Meur, Jean-Pierre"]
[Black "Van Delft, Merijn"]
[Result "0-1"]
[WhiteElo "1930"]
[BlackElo "2408"]
[PlyCount "60"]
[EventDate "2012.??.??"]

1. e4 c5 2. Nf3 d6 3. d4 cxd4 4. Bc4 Nf6 5. Qe2 Nc6 6. h3 g6 7. O-O Bg7 8. Rd1
Nd7 9. c3 dxc3 10. Nxc3 O-O 11. Be3 a6 12. a4 b6 13. Qd2 Bb7 14. Bh6 Nf6 15.
Bxg7 Kxg7 16. Qe2 Qb8 17. Qe3 Nd7 18. Nd5 Qd8 19. b4 e6 20. Qc3+ Kg8 21. Ne3
Nde5 22. Nxe5 Nxe5 23. Bd3 Qf6 24. Qc7 Nxd3 25. Ng4 Qb2 26. Rab1 Qe2 27. Qxb7
h5 28. Nh2 Qxf2+ 29. Kh1 Nf4 30. Rg1 Ne2 0-1

[Event "15ème Open des Vins du Médoc"]
[Site "Naujac sur Mer ; France"]
[Date "2012.??.??"]
[Round "5.8"]
[White "Cazeaux, Didier"]
[Black "Kaimer, Thomas"]
[Result "0-1"]
[WhiteElo "1815"]
[BlackElo "2202"]
[PlyCount "46"]
[EventDate "2012.??.??"]

1. e4 c5 2. Nc3 Nc6 3. f4 d6 4. Nf3 g6 5. Bc4 Bg7 6. O-O e6 7. d3 Nge7 8. Bb3
O-O 9. Qe1 Nd4 10. Qh4 Nec6 11. Qh3 Nxf3+ 12. Rxf3 Nd4 13. Rg3 b5 14. Kf1 a5
15. a4 b4 16. Ne2 Nxb3 17. cxb3 f5 18. Be3 Bxb2 19. Rd1 Bg7 20. d4 fxe4 21.
dxc5 e5 22. Rxd6 Bxh3 23. Rxd8 Raxd8 0-1

[Event "15ème Open des Vins du Médoc"]
[Site "Naujac sur Mer ; France"]
[Date "2012.??.??"]
[Round "5.9"]
[White "Louis, Thibault"]
[Black "Pokee, Anne"]
[Result "1-0"]
[WhiteElo "2113"]
[BlackElo "1933"]
[PlyCount "51"]
[EventDate "2012.??.??"]

1. e4 c5 2. d4 h6 3. d5 d6 4. Nc3 Nf6 5. f4 e5 6. fxe5 dxe5 7. Bb5+ Nbd7 8. a4
a6 9. Be2 Bd6 10. Nf3 O-O 11. O-O Re8 12. Nd2 Nf8 13. Nc4 Ng6 14. Qe1 Rb8 15.
Qf2 Kh7 16. Be3 b6 17. a5 Bc7 18. d6 Bxd6 19. Rad1 Re6 20. axb6 Qe7 21. Nxd6
Rxd6 22. Bxc5 Rxd1 23. Bxe7 Rxf1+ 24. Bxf1 Nxe7 25. Qc5 Ng6 26. Qc7 1-0

[Event "15ème Open des Vins du Médoc"]
[Site "Naujac sur Mer ; France"]
[Date "2012.??.??"]
[Round "5.10"]
[White "Kramer, Julian"]
[Black "Gillet, Noel"]
[Result "1-0"]
[WhiteElo "2052"]
[BlackElo "1700"]
[PlyCount "79"]
[EventDate "2012.??.??"]

1. e4 c5 2. Nf3 Nc6 3. d4 cxd4 4. Nxd4 Nf6 5. Nc3 e5 6. Ndb5 d6 7. Bg5 a6 8.
Na3 b5 9. Nd5 Be7 10. Bxf6 Bxf6 11. c3 Bg5 12. Nc2 Ne7 13. Nxe7 Bxe7 14. g3 O-O
15. Bg2 Rb8 16. O-O a5 17. Re1 Be6 18. f4 exf4 19. gxf4 Bf6 20. a3 Qb6+ 21. Kh1
Bc4 22. Ne3 Bh4 23. Nxc4 bxc4 24. Re2 Qc5 25. Qf1 Bf6 26. Rd1 Rb5 27. Bf3 Rfb8
28. e5 dxe5 29. fxe5 Bxe5 30. Rd5 Qc7 31. Rexe5 Rxd5 32. Rxd5 Rxb2 33. Bg2 h6
34. Rf5 Qb6 35. Rxf7 Qg6 36. Rf8+ Kh7 37. Bd5 h5 38. Bg8+ Kh6 39. Qc1+ Qg5 40.
Qxb2 1-0

[Event "15ème Open des Vins du Médoc"]
[Site "Naujac sur Mer ; France"]
[Date "2012.??.??"]
[Round "5.11"]
[White "Maruejols, Claude"]
[Black "Kirk, Ezra"]
[Result "0-1"]
[WhiteElo "1909"]
[BlackElo "2225"]
[PlyCount "88"]
[EventDate "2012.??.??"]

1. d4 Nf6 2. c4 g6 3. Nc3 Bg7 4. e4 d6 5. Nf3 O-O 6. Be2 Na6 7. O-O e5 8. Be3
c6 9. Rb1 exd4 10. Nxd4 Re8 11. f3 d5 12. cxd5 cxd5 13. Bxa6 bxa6 14. e5 Nd7
15. f4 Nb6 16. Qf3 Bb7 17. Rbd1 Qe7 18. Rfe1 Rac8 19. Bf2 Qb4 20. Re2 Ba8 21.
Be1 Qe7 22. g4 Qd7 23. Bg3 Bf8 24. Bh4 Na4 25. Nxa4 Qxa4 26. b3 Qb4 27. Be1 Qa3
28. Qe3 Bc5 29. Bf2 Bc6 30. Qd2 Bd7 31. h3 Bb4 32. Qd3 Rc3 33. Qb1 Rxh3 34. f5
Bc5 35. Kg2 Rc3 36. Be1 Bxd4 37. Rxd4 Rc1 38. Qd3 Bb5 39. Qd2 Bxe2 40. Qxe2 Qc5
41. Bf2 Rc2 42. Rd2 Rxd2 43. Qxd2 d4 44. Bg3 Qd5+ 0-1

[Event "15ème Open des Vins du Médoc"]
[Site "Naujac sur Mer ; France"]
[Date "2012.??.??"]
[Round "5.12"]
[White "Collas, Silvia"]
[Black "Faugerolle, Nicolas"]
[Result "1-0"]
[WhiteElo "2284"]
[BlackElo "1827"]
[PlyCount "63"]
[EventDate "2012.??.??"]

1. Nf3 d5 2. d4 c5 3. c4 e6 4. cxd5 exd5 5. Nc3 cxd4 6. Nxd4 Nf6 7. Bg5 Bb4 8.
Qa4+ Nc6 9. Nxc6 Bxc3+ 10. bxc3 Qd7 11. Bxf6 gxf6 12. e3 bxc6 13. Bd3 Qc7 14.
O-O Bd7 15. Rab1 Rg8 16. Qh4 Ke7 17. Rb4 Rg7 18. Rfb1 Rag8 19. g3 Qe5 20. Rb7
Rg4 21. Qh3 Kd6 22. Qf1 Ra4 23. c4 Rxa2 24. c5+ Ke7 25. Qh3 Rd8 26. Bf5 Ra1 27.
Rxa1 Qxa1+ 28. Kg2 Qa4 29. Bxd7 Qe4+ 30. Kg1 Kf8 31. Bf5 Qf3 32. Qxh7 1-0

[Event "15ème Open des Vins du Médoc"]
[Site "Naujac sur Mer ; France"]
[Date "2012.??.??"]
[Round "5.13"]
[White "Ferrandi, Bernard"]
[Black "Sanchez, Nicolas"]
[Result "1/2-1/2"]
[WhiteElo "1817"]
[BlackElo "2169"]
[Annotator ",Jean-Luc"]
[PlyCount "77"]
[EventDate "2012.??.??"]

1. e4 g6 2. d4 Bg7 3. f4 d5 4. e5 h5 5. c4 c6 6. Nc3 Nh6 7. Be3 Ng4 8. Bc1 O-O
9. h3 Nh6 10. Be3 Be6 11. c5 Nd7 12. Be2 Nf5 13. Bf2 h4 14. Bd3 Bh6 15. Qf3 b6
16. cxb6 Qxb6 17. Nge2 Qxb2 18. Rb1 Qa3 19. Rb3 Qa5 20. Bxf5 Bxf5 21. Bxh4 Be4
22. Qg3 c5 23. O-O cxd4 24. Nxd4 Qc5 25. Qe3 Nxe5 26. Nxe4 dxe4 27. Qxe4 Nc6
28. Bf2 {(=)} Nxd4 29. Qxd4 {(=)} Qxd4 30. Bxd4 Rfd8 31. Be3 e6 32. a4 Rd7 33.
Rfb1 a6 {(=)} 34. Kf2 Rd5 35. Kf3 Ra5 36. Rb8+ Rxb8 37. Rxb8+ Kh7 38. Bd4 Bg7
39. Rb4 {(=)} 1/2-1/2

[Event "15ème Open des Vins du Médoc"]
[Site "Naujac sur Mer ; France"]
[Date "2012.??.??"]
[Round "5.14"]
[White "Banana, Adnane"]
[Black "Bouvet, Laurent"]
[Result "0-1"]
[WhiteElo "1785"]
[BlackElo "2155"]
[PlyCount "68"]
[EventDate "2012.??.??"]

1. e4 c5 2. Nf3 e6 3. d4 cxd4 4. Nxd4 a6 5. c4 Nf6 6. Nc3 Qc7 7. a3 Nc6 8. Be3
d6 9. Be2 Be7 10. Qd2 Bd7 11. O-O Ne5 12. f3 O-O 13. Rfc1 Rac8 14. b4 Qb8 15.
Nd1 Rfd8 16. Nf2 b5 17. cxb5 axb5 18. f4 Nc4 19. Bxc4 bxc4 20. a4 Qa8 21. Qc2
e5 22. fxe5 dxe5 23. Ne2 Bxb4 24. Nc3 Bc6 25. Bb6 Rd7 26. a5 Bxc3 27. Qxc3 Bxe4
28. Nxe4 Nxe4 29. Qxe5 Re8 30. Qb5 Rd2 31. Rxc4 Nd6 32. Qxe8+ Qxe8 33. Rg4 Qe2
34. Rg3 Ne4 0-1

[Event "15ème Open des Vins du Médoc"]
[Site "Naujac sur Mer ; France"]
[Date "2012.??.??"]
[Round "5.15"]
[White "Marni-Sandid, Tarik"]
[Black "Capitaine, Adrien"]
[Result "0-1"]
[WhiteElo "1745"]
[BlackElo "2106"]
[PlyCount "61"]
[EventDate "2012.??.??"]

1. e4 e5 2. f4 exf4 3. Nf3 h6 4. Bc4 d6 5. d4 g5 6. h3 Bg7 7. Nc3 Nc6 8. a3 a6
9. b4 Nge7 10. Bb2 Ng6 11. Qd3 Nce7 12. O-O-O Be6 13. d5 Bd7 14. h4 g4 15. h5
gxf3 16. hxg6 fxg6 17. gxf3 g5 18. Ne2 Bxb2+ 19. Kxb2 Ng6 20. Nd4 Qf6 21. Ka2
Ke7 22. Rhe1 Ne5 23. Qe2 h5 24. Bd3 g4 25. Nf5+ Bxf5 26. exf5 Kd7 27. fxg4 hxg4
28. b5 f3 29. Qe4 g3 30. b6 cxb6 31. Qd4 0-1

[Event "15ème Open des Vins du Médoc"]
[Site "Naujac sur Mer ; France"]
[Date "2012.??.??"]
[Round "5.16"]
[White "Cornette, Francois"]
[Black "Zickelbein, Eva Maria"]
[Result "0-1"]
[WhiteElo "1741"]
[BlackElo "2058"]
[PlyCount "28"]
[EventDate "2012.??.??"]

1. f4 e5 2. fxe5 d6 3. Nf3 dxe5 4. e4 Nc6 5. c3 Nf6 6. Qc2 Bc5 7. b4 Bd6 8. Bb5
O-O 9. O-O a5 10. Bxc6 bxc6 11. bxa5 Bc5+ 12. Kh1 Ba6 13. Rd1 Bd3 14. Qa4 Nxe4
0-1